Discurso pronunciado en el Ateneo de Madrid sobre centralización, descentralización y regionalismo / (Record no. 98598)

MARC details
000 -LEADER
campo de control de longitud fija 01319nam a2200265 i 4500
001 - NÚMERO DE CONTROL
campo de control 98598
003 - IDENTIFICADOR DE NÚMERO DE CONTROL
campo de control ES-MaACL
005 - FECHA Y HORA DE LA ÚLTIMA TRANSACCIÓN
campo de control 20250907063057.0
007 - CAMPO FIJO DE DESCRIPCIÓN FÍSICA--INFORMACIÓN GENERAL
campo de control de longitud fija t|
008 - DATOS DE LONGITUD FIJA--INFORMACIÓN GENERAL
campo de control de longitud fija 131005s1900 sp |||| | spa d
080 ## - NÚMERO DE LA CLASIFICACIÓN DECIMAL UNIVERSAL
Número de la Clasificación Decimal Universal 342.25
100 0# - ENTRADA PRINCIPAL--NOMBRE DE PERSONA
Nombre de persona López Muñoz, Antonio,
Fechas asociadas al nombre 1849-1929
9 (RLIN) 73812
245 10 - MENCIÓN DEL TÍTULO
Título Discurso pronunciado en el Ateneo de Madrid sobre centralización, descentralización y regionalismo /
Mención de responsabilidad, etc. por Don Antonio López Muñoz, en la noche del 16 de marzo de 1900.
260 ## - PUBLICACIÓN, DISTRIBUCIÓN, ETC.
Lugar de publicación, distribución, etc. Madrid :
Nombre del editor, distribuidor, etc. [s.n.],
Fecha de publicación, distribución, etc. 1900 (
Fabricante Imp. del Asilo de huerfanos del S.C. de Jesús)
300 ## - DESCRIPCIÓN FÍSICA
Extensión 37 p. ;
Dimensiones 21 cm.
500 ## - NOTA GENERAL
Nota general Tercera conferencia de la serie "Centralización, descentralización y regionalismo", tema propuesto por la Junta de Gobierno del Ateneo para una serie de siete conferencias, por los señores Azcárate, Soler, López Muñoz, Sánchez Guerra, Abadal, Canalejas, Moret.
530 ## - NOTA DISPONIBLE DE FORMULARIO FÍSICO ADICIONAL
Nota de formato físico adicional disponible Disponible en formato digital.
610 24 - PUNTO DE ACCESO ADICIONAL DE MATERIA--NOMBRE DE ENTIDAD CORPORATIVA
Nombre de entidad corporativa o nombre de jurisdicción como elemento de entrada Ateneo de Madrid-
Subdivisión de forma Conferencias-
Subdivisión cronológica 1900-1939
9 (RLIN) 1907
650 ## - PUNTO DE ACCESO ADICIONAL DE MATERIA--TÉRMINO DE MATERIA
Término de materia o nombre geográfico como elemento de entrada Descentralización administrativa.
9 (RLIN) 11820
650 04 - PUNTO DE ACCESO ADICIONAL DE MATERIA--TÉRMINO DE MATERIA
Término de materia o nombre geográfico como elemento de entrada Regionalismo.
9 (RLIN) 16746
852 ## - LOCALIZACIÓN
Ubicación ES-MaACL
Número de control de estantería 2197-F-8
Ubicación en estantería Depósito folletos
Nota libre Revisado enlace: 24 de Abril de 2025
856 ## - LOCALIZACIÓN Y ACCESO ELECTRÓNICOS
Identificador Uniforme de Recursos <a href="http://bdh-rd.bne.es/viewer.vm?id=0000244475&page=1 ">http://bdh-rd.bne.es/viewer.vm?id=0000244475&page=1 </a>
Texto de enlace Biblioteca Digital Hispánica
942 ## - ELEMENTOS DE ENTRADA SECUNDARIOS (KOHA)
Fuente del sistema de clasificación o colocación Clasificación decimal universal
Holdings
Estatus retirado Estado de pérdida Fuente del sistema de clasificación o colocación Estado de daño No para préstamo Colección Biblioteca de origen Biblioteca actual Ubicación en estantería Fecha de adquisición Total de préstamos Signatura topográfica completa Código de barras Visto por última vez Precio de reemplazo Tipo de ítem Koha
    Clasificación decimal universal     Biblioteca Digital del Ateneo de Madrid Biblioteca del Ateneo de Madrid Biblioteca del Ateneo de Madrid Depósito folletos 17/01/2008   2197-F-8 1102935 23/02/2023 23/02/2023 Folleto